[Event "Zagreb Open A 2013"]
[Site "Zagreb CRO"]
[Date "2013.03.01"]
[Round "5.9"]
[White "Sulava,N"]
[Black "Matic,Z"]
[Result "1-0"]
[WhiteElo "2481"]
[BlackElo "2242"]

1.Nf3 d5 2.g3 c6 3.Bg2 Bg4 4.c4 e6 5.O-O Nd7 6.d3 dxc4 7.dxc4 Bxf3 8.exf3 Ngf6
9.Qc2 Be7 10.Nc3 O-O 11.Rd1 Qc7 12.Bf4 e5 13.Bd2 Nb6 14.Ne2 a5 15.Nc1 Nfd7
16.Nd3 Nc5 17.Be3 Nbd7 18.f4 Nxd3 19.Qxd3 Rad8 20.Bh3 Nf6 21.Qb3 Rxd1+ 22.Rxd1 Ra8
23.fxe5 Qxe5 24.Qxb7 Rb8 25.Bf4 Qxf4 26.Qxe7 Qe4 27.Rd8+ Rxd8 28.Qxd8+ Qe8
29.Qxa5 h5 30.Qd2 Qe4 31.Bf1 Qb1 32.Qd8+  1-0

[Event "29th ChessOrg Open"]
[Site "Bad Woerishofen GER"]
[Date "2013.03.02"]
[Round "2.11"]
[White "Belezky,A"]
[Black "Klamp,C"]
[Result "1-0"]
[WhiteElo "2446"]
[BlackElo "2092"]

1.Nf3 d5 2.g3 Bg4 3.h3 Bxf3 4.exf3 c6 5.f4 Nf6 6.Bg2 Nbd7 7.O-O e6 8.Re1 Bd6
9.d4 O-O 10.Nd2 Qb6 11.Nf3 c5 12.c3 cxd4 13.cxd4 Rac8 14.Re2 Rc7 15.Be3 Rfc8
16.Ne5 Nb8 17.g4 Nfd7 18.f5 Nxe5 19.dxe5 Bc5 20.Bf4 Bd4 21.Qd2 Rc4 22.Bg3 Qc7
23.Rd1 Bb6 24.f6 h6 25.fxg7 Kxg7 26.Kh2 Rd4 27.Qe1 Rxd1 28.Qxd1 Nd7 29.Bf4 Qc4
30.Qd2 Rh8 31.b3 Qd4 32.Qc1 Nc5 33.Bg3 Nd3 34.Qd1 Nb4 35.Qxd4 Bxd4 36.a3 Nc6
37.f4 h5 38.Bh4 Kg6 39.Bf6 Rc8 40.Bf1 Bb6 41.Rg2 hxg4 42.Rxg4+  1-0

[Event "20th Bunratty Masters"]
[Site "Bunratty IRL"]
[Date "2013.03.02"]
[Round "2.18"]
[White "Lyons,B"]
[Black "Cafolla,P"]
[Result "1-0"]
[WhiteElo "2007"]
[BlackElo "2051"]

1.Nf3 d5 2.g3 Nf6 3.Bg2 e6 4.O-O c5 5.d3 Nc6 6.Re1 Be7 7.Nbd2 e5 8.e4 d4
9.a4 O-O 10.Nc4 Qc7 11.Nh4 Rb8 12.f4 g6 13.fxe5 Nd7 14.Nf3 Nb6 15.Nd6 Nxe5
16.Nb5 Nxf3+ 17.Qxf3 Qd7 18.Bh6 Re8 19.Rf1 Bd8 20.Nd6 Re7 21.Qf6  1-0

[Event "29th Open"]
[Site "Cappelle la Grande FRA"]
[Date "2013.03.02"]
[Round "9.45"]
[White "Frois,A"]
[Black "McDonald,N"]
[Result "0-1"]
[WhiteElo "2320"]
[BlackElo "2433"]

1.Nf3 d5 2.g3 c6 3.Bg2 Bg4 4.O-O Nd7 5.d3 Ngf6 6.Qe1 e5 7.e4 dxe4 8.dxe4 Bc5
9.a4 a5 10.Bd2 O-O 11.Bc3 Bxf3 12.Bxf3 Bd4 13.Qc1 Nc5 14.Rd1 Nfxe4 15.Bxd4 exd4
16.Qf4 Re8 17.Nc3 Ng5 18.Bg2 Nge6 19.Qg4 Qb6 20.Ne4 Nxe4 21.Qxe4 Qxb2  0-1

[Event "TCh-ISL 2012-13"]
[Site "Reykjavik ISL"]
[Date "2013.03.02"]
[Round "7.7"]
[White "Thorfinnsson,Br"]
[Black "Halldorsson,Br"]
[Result "1-0"]
[WhiteElo "2484"]
[BlackElo "2173"]

1.Nf3 d5 2.g3 Nf6 3.Bg2 c6 4.c4 Bf5 5.cxd5 cxd5 6.Qb3 Qb6 7.Qxb6 axb6 8.Nc3 Bd7
9.d3 e6 10.Ne5 Nc6 11.Nxd7 Kxd7 12.O-O Bc5 13.Bd2 Rhc8 14.Rfc1 Ng4 15.Be1 f5
16.h3 Nf6 17.Bd2 h6 18.e3 Nb4 19.Bf1 d4 20.exd4 Bxd4 21.Nb5 Bc5 22.a3 Nc6
23.Bc3 Rg8 24.b4 Be7 25.Bg2 g5 26.Re1 Rae8 27.Nd4 Bd8 28.b5 Nxd4 29.Bxd4 Nd5
30.Bf3 g4 31.hxg4 fxg4 32.Be4 h5 33.Bxd5 exd5 34.Kg2 Rxe1 35.Rxe1 Rf8 36.Re5 Bf6
37.Rxh5 Be7 38.Rxd5+ Ke6 39.Re5+ Kd6 40.Re4 Ra8 41.Bxb6  1-0

[Event "FIDE Women's World Teams"]
[Site "Astana KAZ"]
[Date "2013.03.03"]
[Round "1.4"]
[White "Gomes,Mary"]
[Black "Gaponenko,I"]
[Result "1/2-1/2"]
[WhiteElo "2387"]
[BlackElo "2421"]

1.Nf3 d5 2.g3 c6 3.Bg2 Bf5 4.d3 e6 5.Nbd2 Nf6 6.O-O h6 7.b3 Be7 8.Bb2 O-O
9.Qe1 a5 10.a3 c5 11.e4 Bh7 12.Ne5 a4 13.Kh1 Na6 14.Qe2 Nc7 15.c4 axb3 16.Nxb3 d4
17.f4 Nd7 18.Nxd7 Qxd7 19.f5 f6 20.fxe6 Qxe6 21.Bc1 b5 22.Bf4 bxc4 23.dxc4 Ra7
24.Nd2 Bd6 25.Bh3 Qe7 26.Qf3 Be5 27.Bf5 Rfa8 28.Bxe5 Qxe5 29.Bxh7+ Kxh7 30.Qd3 Kg8
31.Nf3 Qe8 32.Kg1 Ne6 33.e5 Ng5 34.Nxg5 hxg5 35.exf6 Qe3+ 36.Qxe3 dxe3 37.fxg7 Kxg7
38.Rfe1 Rxa3 39.Rad1 R8a4 40.Rd5 Ra1 41.Kf1 Rxe1+ 42.Kxe1 Rxc4 43.Ke2 Rc2+
44.Kxe3 Kg6 45.h4 gxh4 46.gxh4 Rh2 47.Rxc5 Rxh4  1/2-1/2

[Event "FIDE Women's World Teams"]
[Site "Astana KAZ"]
[Date "2013.03.03"]
[Round "1.1"]
[White "Foisor,C"]
[Black "Gunina,V"]
[Result "0-1"]
[WhiteElo "2401"]
[BlackElo "2505"]

1.Nf3 d5 2.g3 c6 3.Bg2 Bg4 4.d3 e6 5.Nbd2 Nd7 6.h3 Bh5 7.a4 Bd6 8.O-O Ne7
9.Qe1 O-O 10.e4 Qc7 11.Nd4 Rae8 12.N2b3 Bg6 13.Bd2 e5 14.Ne2 f5 15.exd5 Nxd5
16.Nc3 Nxc3 17.Bxc3 f4 18.Be4 Bxe4 19.Qxe4 Nf6 20.Qc4+ Kh8 21.Nd2 Qd7 22.Kh2 b5
23.axb5 cxb5 24.Qb3 b4 25.Bxb4 Rb8 26.c3 a5 27.Rxa5 fxg3+ 28.fxg3 e4 29.Qc4 Rfc8
30.Bxd6 Qxd6 31.Ra6 Qd8 32.Qf7 Rc7 33.Qa2 Qxd3 34.b4 e3 35.Ra8 Rcc8 36.Rxb8 Rxb8
37.Qa7 Qxd2+ 38.Kg1 Re8 39.Qd4 Qxd4 40.cxd4 Nd5 41.b5 Nb4  0-1

[Event "TCh-BEL 2012-13"]
[Site "Belgium BEL"]
[Date "2013.03.03"]
[Round "10.6"]
[White "Bauduin,E"]
[Black "Sielecki,C"]
[Result "1/2-1/2"]
[WhiteElo "2228"]
[BlackElo "2402"]

1.g3 d5 2.Nf3 g6 3.Bg2 Bg7 4.d4 Nf6 5.O-O O-O 6.c3 Ne4 7.Nbd2 Nd6 8.Re1 b6
9.e4 dxe4 10.Nxe4 Nxe4 11.Rxe4 Bb7 12.Re1 Nd7 13.Bg5 Nf6 14.Ne5 Bxg2 15.Kxg2 h6
16.Bxf6 Bxf6 17.Qf3 Qd6 18.Re4 Bxe5 19.Rxe5 Rad8 20.Qe3 Rfe8 21.Re1 Kg7 22.Rxe7 Rxe7
23.Qxe7 Qd5+ 24.f3 Rd7 25.Qe5+ Qxe5 26.Rxe5 Kf6 27.b4 h5 28.Kf2 Rd8 29.h4 Rd6
30.a4 Rc6 31.Re3 a5 32.bxa5 bxa5 33.Re5 Rxc3 34.Rxa5 Rd3 35.Rd5 Ke6 36.Ke2 Ra3
37.Re5+ Kd6 38.a5 f6 39.Rc5 c6 40.g4 hxg4 41.fxg4 Rg3 42.g5 f5 43.a6 Ra3
44.h5 gxh5 45.Rxf5 Rxa6 46.g6 Ke7 47.g7 Ra8 48.Rxh5 Kf6 49.Rh6+ Kxg7 50.Rxc6 Ra3
51.Re6 Kf7  1/2-1/2

[Event "TCh-BEL 2012-13"]
[Site "Belgium BEL"]
[Date "2013.03.03"]
[Round "10.7"]
[White "Kern,G"]
[Black "Romanelli,R"]
[Result "1/2-1/2"]
[WhiteElo "2362"]
[BlackElo "1977"]

1.Nf3 d5 2.g3 c5 3.Bg2 Nc6 4.d4 e6 5.O-O Nf6 6.c4 Be7 7.cxd5 exd5 8.dxc5 Bxc5
9.a3 a6 10.Nc3 d4 11.Na4 Ba7 12.b4 O-O 13.Bb2 Re8 14.Rc1 Bg4 15.Nc5 Bxc5
16.Rxc5 Qd7 17.Nxd4 Nxd4 18.Qxd4 Rxe2 19.Rg5 Qxd4 20.Bxd4 h6 21.Rc5 Ne4 22.Rc7 Nd2
23.f3 Bf5 24.g4 Bd3 25.Rd1 Rae8 26.Bf2 Bb5 27.f4 Ba4 28.Rdc1 Bb5 29.Rc8 Rxc8
30.Rxc8+ Kh7 31.Rc7 Ne4 32.Bg3 Bc6 33.Bf1 Nxg3 34.hxg3 Re3  1/2-1/2

[Event "TCh-BEL 2012-13"]
[Site "Belgium BEL"]
[Date "2013.03.03"]
[Round "10.6"]
[White "Van Mechelen,J"]
[Black "Tolk,P"]
[Result "0-1"]
[WhiteElo "2194"]
[BlackElo "2153"]

1.Nf3 d5 2.g3 g6 3.Bg2 Bg7 4.O-O Nf6 5.d3 O-O 6.Nbd2 Re8 7.e4 dxe4 8.dxe4 e5
9.Qe2 b6 10.Rd1 Qe7 11.b3 Ba6 12.Qe1 c5 13.Nf1 Nc6 14.Ne3 Nd4 15.c3 Ne2+
16.Kh1 Nxc1 17.Raxc1 Bh6 18.Rc2 Rad8 19.Rxd8 Rxd8 20.c4 Bxe3 21.Qxe3 Rd1+
22.Ne1 Qd6 23.Rc1 Ng4 24.Rxd1 Qxd1 25.Qc3 Nxf2+ 26.Kg1 Qe2 27.h3 Nxe4 28.Qxe5 Qxe1+
29.Kh2 Qxg3+  0-1

[Event "TCh-BEL 2012-13"]
[Site "Belgium BEL"]
[Date "2013.03.03"]
[Round "10.5"]
[White "Hera,I"]
[Black "Illner,A"]
[Result "1-0"]
[WhiteElo "2570"]
[BlackElo "2459"]

1.Nf3 d5 2.g3 Nf6 3.Bg2 e6 4.O-O Be7 5.c4 O-O 6.b3 c5 7.Bb2 Nc6 8.e3 b6 9.Nc3 dxc4
10.bxc4 Bb7 11.Qe2 Qc7 12.Nb5 Qc8 13.Rfd1 Rd8 14.Nc3 a6 15.Rac1 Na5 16.Nb1 Ne8
17.Bc3 Nc6 18.d4 Nf6 19.Nbd2 Qc7 20.Nb3 cxd4 21.exd4 Qd6 22.Ne5 Rac8 23.d5 exd5
24.cxd5 Nxe5 25.Bxe5 Qd7 26.Rxc8 Rxc8 27.d6 Bf8 28.Bxb7 Qxb7 29.Bxf6 gxf6
30.Qg4+ Kh8 31.Qf5 Bg7 32.Re1 Rd8 33.Nd4 h6 34.Re7 Qb8 35.d7 Qc7 36.Re8+ Bf8
37.Qxf6+  1-0

[Event "TCh-HUN 2012-13"]
[Site "Dunaharaszti HUN"]
[Date "2013.03.03"]
[Round "8"]
[White "Berczes,C"]
[Black "Kiss,Pa1"]
[Result "1/2-1/2"]
[WhiteElo "2388"]
[BlackElo "2356"]

1.Nf3 d5 2.g3 c6 3.Bg2 Nf6 4.O-O Bg4 5.c4 e6 6.d3 Nbd7 7.cxd5 cxd5 8.Nc3 Be7
9.Bf4 O-O 10.Rc1 a6 11.Rc2 Rc8 12.Qb1 Bxf3 13.Bxf3 Nb8 14.Rfc1 Nc6 15.Na4 Bd6
16.Be3 Nd7 17.b4 Rb8 18.Nc5 Nxc5 19.bxc5 Be5 20.Qb3 Qf6  1/2-1/2

[Event "TCh-HUN 2012-13"]
[Site "Mako HUN"]
[Date "2013.03.03"]
[Round "8"]
[White "Erdos,B"]
[Black "Schneider,Ve"]
[Result "1/2-1/2"]
[WhiteElo "2176"]
[BlackElo "2313"]

1.Nf3 d5 2.g3 Nf6 3.Bg2 c6 4.O-O Bg4 5.c4 e6 6.d3 Bd6 7.Nc3 O-O 8.cxd5 exd5
9.e4 d4 10.Ne2 Bc5 11.Qc2 Bxf3 12.Bxf3 Nbd7 13.Bg2 Re8 14.h3 a5 15.g4 h6
16.Ng3 Qb6 17.Nf5 Bf8 18.Kh1 Rad8 19.g5 hxg5 20.Bxg5 Re6 21.Rg1 Rde8 22.Bf3 Ne5
23.Be2 Kh7 24.f4 Ned7 25.Bf3 Ng8 26.Qf2 c5 27.Qh4+ Nh6 28.Rg2 Nf6 29.Rag1 Ng8
30.Bg4 Rc6 31.Nxh6 Rxh6 32.Bxh6 Nxh6 33.f5 Be7 34.Qh5 Bf6 35.Re2 Qd6 36.Bf3 Qe5
37.Bg2 Kg8 38.Qf3 b6 39.Rf1 Bd8 40.Qf4 Bc7 41.Qxe5 Bxe5 42.Bf3 Kf8 43.h4 Rc8
44.Rc2 Ng8 45.a3 a4 46.Rfc1 Bf4 47.Rg1 Be5 48.Kg2 Nf6 49.Be2 Nd7 50.Rgc1 Bf4
51.Rf1 Be5 52.h5 Ke7 53.Kf2 Bf6 54.Rh1 Bg5 55.Rb1 Kd6 56.b3 axb3 57.Rxb3 Kc6
58.a4 Ra8 59.Ra2 Ne5 60.Rb1 Ra5  1/2-1/2

[Event "29th ChessOrg Open"]
[Site "Bad Woerishofen GER"]
[Date "2013.03.05"]
[Round "5.34"]
[White "Schweizer,Ma"]
[Black "Stein,Marco"]
[Result "1-0"]
[WhiteElo "2007"]
[BlackElo "2147"]

1.Nf3 d5 2.g3 Nf6 3.Bg2 Bg4 4.d3 c6 5.Nbd2 Nbd7 6.h3 Bh5 7.O-O e5 8.e4 Bd6
9.b3 O-O 10.a3 Re8 11.Bb2 Qb6 12.g4 Bg6 13.Nh4 Rad8 14.g5 Nh5 15.Nxg6 hxg6
16.exd5 cxd5 17.Bxd5 Ng3 18.Qf3 Nxf1 19.Bxf7+ Kh7 20.Qg4 Nf6 21.gxf6 gxf6
22.Qxg6+  1-0

[Event "FIDE Women's World Teams"]
[Site "Astana KAZ"]
[Date "2013.03.06"]
[Round "4.3"]
[White "Gomes,Mary"]
[Black "Javakhishvili,L"]
[Result "1/2-1/2"]
[WhiteElo "2387"]
[BlackElo "2464"]

1.Nf3 d5 2.g3 g6 3.Bg2 Bg7 4.c4 dxc4 5.Na3 e5 6.Qc2 Nc6 7.Nxc4 Nge7 8.O-O O-O
9.d3 Bg4 10.Qd1 Qd7 11.Bd2 Rfe8 12.Ne3 Bh3 13.Bxh3 Qxh3 14.Qb3 Nd4 15.Nxd4 exd4
16.Ng2 Qc8 17.e4 dxe3 18.fxe3 Nf5 19.Bc3 Qd7 20.Bxg7 Kxg7 21.Qc3+ Kg8 22.e4 Nd4
23.Rf2 Rad8 24.Raf1 c6 25.Ne3 f5 26.Nc2 fxe4 27.dxe4 Rxe4 28.Nxd4 Rxd4 29.Qb3+ Rd5
30.Rf7 Qxf7 31.Rxf7 Kxf7 32.Qxb7+ R8d7 33.Qxc6 R5d6 34.Qc4+ Kg7 35.b4 h5
36.a4 Kh7 37.Kg2 Rd2+ 38.Kh3 R2d4 39.Qc5 R4d5 40.Qf8 Rd4 41.Qc5 R4d5 42.Qf8 Rd4
43.Qc5 R4d5 44.Qc3 Rd3 45.Qc8 Rf7 46.Qc4 Rdd7 47.b5 Rc7 48.Qd4 Rcd7 49.Qc4 Rc7
50.Qb4 Rf5 51.Qd6 Rff7 52.Qd4 Rcd7 53.Qc4 Rc7 54.Qe4 Rf5 55.Qe6 Rff7 56.Qe4 Rf5
57.Qe6 Rff7 58.Qd6 Rcd7 59.Qb4 Rf5 60.Qe4 Rc7 61.Qd4 Re7 62.Qb4 Rd7 63.Qe4 Rc7
64.Qe6 Rff7 65.Qd5 Rcd7 66.Qe4 Rf5 67.Qb4 Rc7 68.Qd6 Rff7 69.Qd4 Rf5 70.Qe4 Rd7
71.Qc6 Rff7 72.Qe4 Rf5 73.Qc6 Rff7 74.Qe4  1/2-1/2

[Event "FIDE Women's World Teams"]
[Site "Astana KAZ"]
[Date "2013.03.09"]
[Round "6.2"]
[White "Safranska,A"]
[Black "Ushenina,A"]
[Result "0-1"]
[WhiteElo "2328"]
[BlackElo "2477"]

1.Nf3 d5 2.g3 Bg4 3.Bg2 c6 4.O-O Nd7 5.d3 Ngf6 6.Qe1 e5 7.e4 dxe4 8.dxe4 Qc7
9.Nbd2 Nc5 10.h3 Bh5 11.b3 Nfd7 12.Bb2 f6 13.Nh4 Ne6 14.Nf5 Bf7 15.Kh1 g6
16.Ne3 Be7 17.a4 a5 18.Ndc4 h5 19.h4 O-O 20.Rd1 Ndc5 21.Qe2 Rfd8 22.Rxd8+ Rxd8
23.Qe1 b6 24.f3 Nd4 25.Rf2 Nb7 26.Bc3 Bc5 27.Bf1 Qe7 28.Nb2 Qc7 29.Kg2 Bf8
30.Bc4 Nc5 31.Bxf7+ Qxf7 32.Rd2 Nce6 33.Nbc4 Bc5 34.Ba1 Ra8 35.Qd1 b5 36.axb5 cxb5
37.Nb2 Ra7 38.Nd5 a4 39.bxa4 bxa4 40.Nd3 Bf8 41.c3 Nb3 42.Ra2 Kg7 43.Bb2 Qb7
44.N3b4 Ra8 45.Ba3 Rc8 46.Nc2 Bxa3 47.Nxa3 Nec5 48.Nc2 Qb5 49.Ncb4 Rd8 50.Qf1 Qb7
51.Qc4 Rc8 52.Kh2 Nc1 53.Rc2 N5d3 54.Qa6 Qxa6 55.Nxa6 Nb3 56.Ra2 Nbc5 57.Nxc5 Nxc5
58.Kg2 Rb8 59.Nb4 Rd8 60.Nd5 f5 61.c4 fxe4 62.fxe4 Rb8 63.g4 hxg4 64.Kg3 Rb3+
65.Kxg4 Nxe4 66.h5 Rg3+  0-1

[Event "29th ChessOrg Open"]
[Site "Bad Woerishofen GER"]
[Date "2013.03.09"]
[Round "9.6"]
[White "Belezky,A"]
[Black "Skembris,S"]
[Result "1/2-1/2"]
[WhiteElo "2446"]
[BlackElo "2448"]

1.Nf3 d5 2.g3 g6 3.Bg2 Bg7 4.d3 e5 5.O-O Ne7 6.Nbd2 O-O 7.c3 a5 8.e4 Nbc6
9.Qc2 h6 10.Re1 Be6 11.b3 dxe4 12.dxe4 Qd7 13.Bb2 Rfd8  1/2-1/2

[Event "TCh-CAT Div Hon 2013"]
[Site "Catalonia ESP"]
[Date "2013.03.09"]
[Round "8.2"]
[White "Fluvia Poyatos,Jor"]
[Black "Moskalenko,V1"]
[Result "0-1"]
[WhiteElo "2473"]
[BlackElo "2531"]

1.Nf3 d5 2.g3 c6 3.Bg2 Nf6 4.b3 Bf5 5.Ba3 Nbd7 6.c4 e6 7.Bxf8 Nxf8 8.d3 N8d7
9.Nh4 Bg4 10.h3 Bh5 11.g4 Ng8 12.cxd5 cxd5 13.Nf5 exf5 14.gxh5 Ngf6 15.Qd2 O-O
16.Qf4 Nxh5 17.Qxf5 g6 18.Qg4 Ne5 19.Qd4 Qf6  0-1

[Event "TCh-FIN SM 2012-13"]
[Site "Helsinki FIN"]
[Date "2013.03.09"]
[Round "13.2"]
[White "Sepp,O"]
[Black "Kiik,K"]
[Result "1/2-1/2"]
[WhiteElo "2446"]
[BlackElo "2419"]

1.Nf3 d5 2.g3 g6 3.Bg2 Bg7 4.d4 c5 5.c3 cxd4 6.cxd4 Nc6 7.Nc3 Nf6 8.Ne5 O-O
9.O-O e6 10.Nxc6 bxc6 11.Na4 Nd7 12.Bf4 Ba6 13.Re1 Re8 14.Rc1 Rc8 15.Bd6  1/2-1/2

[Event "11th Meurthe Festival"]
[Site "Nancy FRA"]
[Date "2013.03.09"]
[Round "4.4"]
[White "Pelletier,Y"]
[Black "Guliyev,N"]
[Result "1/2-1/2"]
[WhiteElo "2604"]
[BlackElo "2551"]

1.Nf3 d5 2.g3 c6 3.Bg2 Bg4 4.c4 e6 5.O-O Nd7 6.cxd5 exd5 7.d3 Ngf6 8.h3 Bxf3
9.Bxf3 d4 10.Nd2 Be7 11.Bg2 O-O 12.Rb1 a5 13.Qc2 Re8 14.Nf3 Nc5 15.Bd2 Ne6
16.a3 Bf8 17.Rfc1 a4 18.Qd1 Nd5 19.Rc2 Ra7 20.h4 g6 21.Ng5 Nxg5 22.Bxg5 Qd7
23.Bf3 h6 24.Bd2 h5 25.Kg2 Kh7 26.Qh1 Re5 27.Qh3 f5 28.Kg1 Ra8 29.Qf1 Bg7
30.Qd1 Bf8 31.Qc1 Rae8 32.Qd1 Ra8 33.Qc1 Rae8 34.Qd1 Ra8 35.Qc1 Rae8 36.Qd1 Ra8
37.Qc1 Rae8 38.Qd1 Ra8  1/2-1/2

[Event "11th Meurthe Festival"]
[Site "Nancy FRA"]
[Date "2013.03.09"]
[Round "7.4"]
[White "Wirig,A"]
[Black "Naiditsch,A"]
[Result "0-1"]
[WhiteElo "2490"]
[BlackElo "2706"]

1.Nf3 d5 2.g3 Nf6 3.Bg2 Bf5 4.O-O e6 5.d3 Be7 6.b3 O-O 7.c4 c5 8.cxd5 exd5
9.Nh4 Be6 10.Bb2 Nc6 11.e3 Qd7 12.Nd2 Rad8 13.Nhf3 Bg4 14.a3 Qf5 15.Qc2 Qh5
16.Rfe1 Rc8 17.Rac1 b6 18.Qb1 Bh3 19.d4 Ng4 20.dxc5 bxc5 21.Qd3 Rfd8 22.Qf1 Bxg2
23.Qxg2 Nge5 24.Nxe5 Nxe5 25.Bxe5 Qxe5 26.Rc2 c4 27.bxc4 Bxa3 28.Ra2 Bb4
29.cxd5 Rxd5 30.Nf3 Qe6 31.Rf1 a5 32.Rb2 Bc3 33.Rc2 Rdc5 34.Rfc1 a4 35.Ng5 Rxg5
36.Rxc3 Rd8 37.Qb7 h5 38.Rc8 Rd5 39.Rxd8+ Rxd8 40.Qa7 Qe4 41.Ra1 Ra8 42.Qc5 h4
43.gxh4 Rd8 44.Qg5 Rd6 45.h5 a3 46.h3 a2 47.Rxa2  0-1

[Event "TCh-AUT 2 East 2012-13"]
[Site "Austria AUT"]
[Date "2013.03.10"]
[Round "9.4"]
[White "Vitouch,A"]
[Black "Kleiser,G"]
[Result "1-0"]
[WhiteElo "2338"]
[BlackElo "2286"]

1.g3 d5 2.Nf3 Bf5 3.c4 c6 4.cxd5 cxd5 5.Qb3 Qc8 6.Nc3 e6 7.Bg2 Nf6 8.d3 Be7
9.O-O O-O 10.Bf4 Nc6 11.Rac1 Qd7 12.e4 Bg6 13.Ne5 Nxe5 14.Bxe5 Ng4 15.Bf4 d4
16.Nb5 e5 17.Bd2 a6 18.Nc7 Rac8 19.Nd5 Rxc1 20.Rxc1 Bd6 21.Bh3 Kh8 22.Nb6  1-0

[Event "47th Begonia Open"]
[Site "Ballarat AUS"]
[Date "2013.03.10"]
[Round "4"]
[White "Wallis,C"]
[Black "Zelesco,Karl"]
[Result "1-0"]
[WhiteElo "2261"]
[BlackElo "2148"]

1.Nf3 d5 2.g3 Bg4 3.Bg2 Nd7 4.c4 e6 5.cxd5 exd5 6.O-O Ngf6 7.d3 Bd6 8.Nc3 c6
9.Qc2 O-O 10.h3 Bh5 11.e4 Re8 12.Nh4 d4 13.Nb1 Bc7 14.f4 Bg6 15.Bf3 Nh5 16.Qf2 Nc5
17.Rd1 a5 18.Ng2 f5 19.e5 Rf8 20.Kh2 Be8 21.b3 b5 22.Qc2 Bb6 23.Ba3 b4 24.Bb2 g6
25.Nd2 Ng7 26.Nc4 Bc7 27.a3 Na6 28.Nd2 Qd7 29.Rdc1 Ne6 30.Qc4 Rf7 31.Bxc6 Qxc6
32.Qxc6 Bxc6 33.Rxc6 Re7 34.Rac1 Kf7 35.Nc4 Ke8 36.Nd6+ Kd8 37.Nb5 g5 38.a4 h6
39.R1c4 Kd7 40.Nxd4 Nxd4 41.Bxd4 gxf4 42.gxf4 Re6 43.Rxe6 Kxe6 44.Ne3 Bd8
45.Rc6+ Kd7 46.Rd6+ Ke8 47.Nxf5 Nc7 48.Rxh6 Kd7 49.Rd6+ Ke8 50.Rh6 Kd7 51.Be3  1-0

[Event "45th Belgrade WGM"]
[Site "Belgrade SRB"]
[Date "2013.03.10"]
[Round "9.5"]
[White "Dragomirescu,An"]
[Black "Nonkovic,B"]
[Result "1-0"]
[WhiteElo "2225"]
[BlackElo "2052"]

1.Nf3 d5 2.g3 e6 3.Bg2 Nf6 4.O-O c5 5.d3 Nc6 6.Nbd2 Bd7 7.c3 Be7 8.e4 Qc7
9.Re1 dxe4 10.dxe4 e5 11.Nc4 Be6 12.Nfd2 O-O 13.a4 Rfd8 14.Qc2 b6 15.Bf1 a6
16.Ne3 Na5 17.c4 Nc6 18.Nd5 Nd4 19.Qc3 Nxd5 20.cxd5 Bd7 21.b3 b5 22.Nf3 Bd6
23.Bd2 bxa4 24.bxa4 Rdb8 25.Bc4 Bg4 26.Nxd4 cxd4 27.Qd3 a5 28.Bb5 Bd7 29.Rec1 Qd8
30.Bc6 Bxc6 31.Rxc6 Bb4 32.Rac1 Bxd2 33.Qxd2 h6 34.Qc2 Kh7 35.Rc7 Rb4 36.Rxf7 d3
37.Qxd3 Rxa4 38.Rcc7 Qg5 39.Rxg7+  1-0

[Event "TCh-DEN XtraCon 2012-13"]
[Site "Denmark DEN"]
[Date "2013.03.10"]
[Round "9.3"]
[White "Petersen,To1"]
[Black "Christensen,St"]
[Result "1/2-1/2"]
[WhiteElo "2331"]
[BlackElo "2296"]

1.Nf3 d5 2.g3 Nf6 3.Bg2 c6 4.O-O Bf5 5.c4 e6 6.b3 Be7 7.Bb2 O-O 8.d3 h6 9.Nbd2 a5
10.a3 Nbd7 11.Bc3 Qc7 12.Qc2 Bh7 13.Qb2 Rfe8 14.Ne5 Nc5 15.Rac1 Bf8 16.Bd4 Nfd7
17.Rfe1 Nxe5 18.Bxe5 Qe7 19.Nb1 Nd7 20.Bc3 Qd6 21.Qd2 b6 22.cxd5 cxd5 23.Qb2 Rac8
24.b4 axb4 25.Bxb4 Qe5 26.Qxe5 Nxe5 27.Nc3 Bxb4 28.axb4 Nc6 29.Na4 Nd4 30.Bf1 b5
31.Nb6 Rb8 32.Nd7 Ra8 33.Kg2 Ra4 34.e3 Nb3 35.Rc3 Nd2 36.Rec1 Nxf1 37.Nb6 Ra6
38.Rc8 Kf8 39.Nd7+ Ke7 40.Rxe8+ Kxe8 41.Nc5 Nxe3+ 42.Kf3 Ra3 43.Kxe3 e5 44.Kd2 Ke7
45.h4 Bf5 46.Rc3 Rxc3 47.Kxc3 d4+ 48.Kd2 Kd6 49.Ke2 Kd5 50.f3 Bc8 51.g4 f5
52.gxf5 Bxf5 53.Kf2 g5 54.hxg5 hxg5 55.Ke2 g4 56.fxg4 Bxg4+ 57.Kd2 Bf5 58.Nb3 Bg4
59.Nc5 Bf3 60.Nb3 Bh5 61.Nc5 Bg6 62.Nb7 Bh7 63.Na5 e4 64.dxe4+ Kxe4 65.Nc6 d3
66.Na7 Kd4 67.Nxb5+ Kc4 68.Nc3 Kxb4 69.Na2+ Kc4  1/2-1/2

[Event "TCh-FIN SM 2012-13"]
[Site "Helsinki FIN"]
[Date "2013.03.10"]
[Round "14.7"]
[White "Kytoniemi,J"]
[Black "Nyback,J"]
[Result "1/2-1/2"]
[WhiteElo "2283"]
[BlackElo "2137"]

1.Nf3 d5 2.g3 c5 3.Bg2 Nc6 4.d4 cxd4 5.Nxd4 e5 6.Nxc6 bxc6 7.c4 Bb4+ 8.Bd2 Bxd2+
9.Qxd2 Ne7 10.O-O Be6 11.cxd5 cxd5 12.Nc3 O-O 13.e3 Rb8 14.b3 Qd7 15.Na4 Rbc8
16.Rac1 Qb5 17.Rfd1 Rfd8 18.Bf1 Qb8 19.Rxc8 Bxc8 20.Nc3 Bg4 21.Be2 Bh3 22.Bf3 Be6
23.Ne2 Qb5 24.h4 Qa6 25.Rc1 Qb6 26.Qb2 f6 27.Qa3 Nf5 28.Qc5 Rc8 29.Qxb6 Rxc1+
30.Nxc1 axb6 31.Ne2 Kf7 32.Kf1 Ke7 33.e4 dxe4 34.Bxe4 Kd6 35.b4 Nd4 36.Nxd4 exd4
37.Bxh7 Bxa2 38.Ke2 Bc4+ 39.Bd3 Be6 40.Kd2 Bg4  1/2-1/2

[Event "TCh-FIN SM 2012-13"]
[Site "Helsinki FIN"]
[Date "2013.03.10"]
[Round "14.2"]
[White "Sepp,O"]
[Black "Jouhki,Y"]
[Result "1-0"]
[WhiteElo "2446"]
[BlackElo "2276"]

1.Nf3 d5 2.g3 c6 3.Bg2 Bg4 4.O-O Nd7 5.d3 e5 6.c4 dxc4 7.dxc4 Ngf6 8.Qc2 Bxf3
9.Bxf3 Bc5 10.Nc3 O-O 11.Na4 Be7 12.Rd1 Qc7 13.Be3 Rfe8 14.a3 h5 15.b4 g6
16.c5 Nf8 17.Qc4 Ne6 18.Nc3 Ng7 19.Bg5 Rad8 20.Bxf6 Bxf6 21.Ne4 Be7 22.e3 Ne6
23.h4 Rxd1+ 24.Bxd1 Kg7 25.Bb3 Bf8 26.Qc3 Kh8 27.Rd1 Nd8 28.Ng5 Kg7 29.Qd3 Be7
30.Bxf7  1-0

[Event "TCh-FIN SM 2012-13"]
[Site "Helsinki FIN"]
[Date "2013.03.10"]
[Round "14.8"]
[White "Hartio,I"]
[Black "Rauramaa,J"]
[Result "1-0"]
[WhiteElo "2073"]
[BlackElo "2008"]

1.Nf3 d5 2.g3 Nf6 3.Bg2 g6 4.O-O Bg7 5.d3 O-O 6.Nbd2 c5 7.e4 Nc6 8.Re1 e6
9.c3 b5 10.e5 Nd7 11.d4 c4 12.Nf1 b4 13.Bd2 bxc3 14.Bxc3 a5 15.b3 cxb3 16.axb3 Qb6
17.N1d2 Ba6 18.Bf1 Bxf1 19.Kxf1 Rfc8 20.Rc1 Bh6 21.h4 Ndb8 22.Kg2 Na6 23.h5 Nab4
24.Bxb4 Qxb4 25.hxg6 hxg6 26.Rh1 Bxd2 27.Nxd2 Qxd4 28.f4 Ne7 29.Qe2 Nf5 30.Nf3 Qe3
31.Qxe3 Nxe3+ 32.Kf2 Nc2 33.Rh4 Nb4 34.Rch1 Kf8 35.Ng5 Rc2+ 36.Kf3 Ke7 37.Rh7 Rf8
38.Rg7 Rc3+ 39.Kg4 d4 40.Rhh7 d3 41.Nxf7 Rxf7 42.Rxf7+ Ke8 43.Ra7  1-0

[Event "TCh-FIN SM 2012-13"]
[Site "Helsinki FIN"]
[Date "2013.03.10"]
[Round "14.5"]
[White "Maki,V"]
[Black "Valli,F"]
[Result "1/2-1/2"]
[WhiteElo "2383"]
[BlackElo "2262"]

1.g3 d5 2.Nf3 c6 3.Bg2 Bg4 4.O-O Nd7 5.d4 Ngf6 6.Nbd2 e6 7.Re1 Be7 8.e4 O-O
9.c3 Bh5 10.Qb3 Qb6 11.Qxb6 Nxb6 12.Ne5 Rad8 13.a4 Nbd7 14.Nxd7 Rxd7 15.e5 Ne8
16.b4 Nc7 17.Nb3 Na6 18.Bf1 Nb8 19.Nc5 Rc7 20.a5 b6 21.axb6 axb6 22.Nd3 Nd7
23.Nf4 Bg6 24.h4 b5 25.f3 Bc2 26.Bh3 Rb8 27.Ra2 Bb3 28.Ra3 Ba4 29.Nd3 Nb6
30.Bg5 Bf8 31.Nc5 Bxc5 32.dxc5 Nc4 33.Raa1 Ra8 34.Bf1 Rca7 35.Bxc4 bxc4 36.Be3 Bb5
37.Rxa7 Rxa7 38.Bd4 Ra2 39.h5 Kf8 40.g4 Ba4 41.Bf2 Ke7 42.Bd4 Kd7 43.Rf1 Rd2
44.Ra1 Rd1+ 45.Rxd1 Bxd1 46.Kf2 Ba4 47.Kg3 Ke7 48.Kh4 Bd1 49.f4 Ba4 50.f5 Kf8
51.Kg5 Bb5 52.Kf4 Ba4 53.Kg5 Bb5 54.h6 Ba4 55.Be3 Bb5 56.hxg7+ Kxg7 57.Kh5 Kf8
58.Bh6+ Ke7 59.Bg7 exf5 60.gxf5 Ba6 61.Kg5 Bc8 62.Bh6 Bd7 63.Kf4 Kd8 64.Bg5+ Kc7
65.Bh6 Kd8 66.Kg5 Ke7 67.Kg4 Ke8 68.Bg5 h5+ 69.Kf4 Bc8 70.e6 fxe6 71.f6 Ba6
72.Ke5 Kf7 73.Bh4 Bb5 74.Bg5 Ba4 75.Bh4 Bb5  1/2-1/2

[Event "11th Meurthe Festival KO"]
[Site "Nancy FRA"]
[Date "2013.03.10"]
[Round "1.1"]
[White "Wirig,A"]
[Black "Postny,E"]
[Result "1-0"]
[WhiteElo "2490"]
[BlackElo "2627"]

1.Nf3 d5 2.g3 Nf6 3.Bg2 c6 4.O-O Bf5 5.d3 e6 6.Nh4 Bg4 7.h3 Bh5 8.Nd2 Nbd7
9.Qe1 Be7 10.e4 dxe4 11.dxe4 O-O 12.Kh2 Ne8 13.Bf3 Bxf3 14.Ndxf3 g5 15.Ng2 Ng7
16.Bd2 f5 17.exf5 exf5 18.Bc3 Qe8 19.Rd1 Rd8 20.Qe3 h6 21.Bxg7 Kxg7 22.Nd4 Nc5
23.b4 Ne4 24.Ne6+ Kg6 25.Nxf8+ Qxf8 26.f3 Nf6 27.Rxd8 Bxd8 28.Rd1 Bc7 29.Qe6 Qf7
30.Qxf7+ Kxf7 31.c4 Ke6 32.Re1+ Kf7 33.Ne3 f4 34.gxf4 Bxf4+ 35.Kg2 h5 36.Nf5 Kg6
37.Ne7+ Kf7 38.Nc8 Ng8 39.b5 cxb5 40.cxb5 a6 41.bxa6 bxa6 42.Re4 a5 43.Ra4 Bc7
44.Rc4 Bf4 45.Rc5 Bd2 46.Rd5 Bb4 47.Rxg5 Nf6 48.Nb6 Ke6 49.Nc4 a4 50.Re5+ Kf7
51.Rb5 Be7 52.Ra5 h4 53.Rxa4 Nd5 54.Ne5+ Ke6 55.Ng4 Bd6 56.Re4+ Kf5 57.a4 Nf4+
58.Rxf4+ Kxf4 59.Nf6 Ke5 60.Ng4+ Kd4 61.Kf2 Bf4 62.Ke2 Kc4 63.a5 Kb5 64.Kd3 Kxa5
65.Ke4 Bg3 66.f4 Kb6 67.f5 Kc7 68.f6 Kd7 69.Kf5 Ke8 70.Ke6 Be1 71.Ne5 Bb4
72.Ng6  1-0

[Event "11th Meurthe Festival KO"]
[Site "Nancy FRA"]
[Date "2013.03.10"]
[Round "2.1"]
[White "Pelletier,Y"]
[Black "Dobrov,V"]
[Result "0-1"]
[WhiteElo "2604"]
[BlackElo "2537"]

1.g3 d5 2.Nf3 Nf6 3.Bg2 c6 4.O-O Bg4 5.c4 e6 6.d3 Nbd7 7.cxd5 exd5 8.h3 Bh5
9.Nc3 Be7 10.e4 O-O 11.exd5 cxd5 12.g4 Bg6 13.Bf4 d4 14.Ne2 Nd5 15.Bg3 Nb4
16.Nf4 Nc5 17.Nxg6 hxg6 18.a3 Nc6 19.Rc1 Bd6 20.Bxd6 Qxd6 21.Ng5 Ne5 22.Ne4 Nxe4
23.Bxe4 f5 24.gxf5 gxf5 25.Bg2 Rae8 26.Qb3+ Kh7 27.Qxb7 Qf6 28.Rc7 f4 29.Be4+ Kh8
30.Kh2 Ng4+ 31.Kg2 Qg5 32.Rg1 f3+ 33.Bxf3 Ne5+ 34.Kf1 Nxf3  0-1